Score 0/31 Timer 05:00
1 Play Today
Definition Four-Lettered Word % Correct
A large underground chamberCave
95.2%
Small sheltered inlet or bayCove
95.2%
Intense care and affection for someone Love
81%
*A male guinea pig**Boar*
76.2%
To give something in exchange for moneySell
71.4%
To flySoar
71.4%
*South American country where guinea pigs are bred for food**Peru*
71.4%
An animal’s skin with the fur still attachedPelt
71.4%
Free of contaminants Pure
71.4%
VomitPuke
71.4%
To burn the surface ofSear
66.7%
Alcohol brewed from cereal grainsBeer
66.7%
*Many guinea _**Pigs*
66.7%
*Another name for a guinea pig**Cavy*
61.9%
A breed of goat popular for its meatBoer
61.9%
To describe a body part as attractively small and firm Pert
61.9%
Definition Four-Lettered Word % Correct
To gaze with lustLeer
61.9%
King in Hindu mythologyPuru
61.9%
*Many baby guinea pigs**Pups*
61.9%
Insect life stage between larva and adultPupa
61.9%
Hawaiian word for “hole”Puka
61.9%
Common name for pinnepid Seal
57.1%
*Sound content guinea pig makes**Purr*
57.1%
Small hard seeds in fruitsPips
57.1%
*A guinea pig of one color without any tickling or pattering**Self*
23.8%
Archaic word for moneyPelf
23.8%
One of twelve tribes of IsraelLevi
23.8%
Finnish wooden figure company Lovi
23.8%
Atlantic Jackknife Clam (Ensis _)Leei
23.8%
A village in Austria, popular for night skiingSoll
14.3%
Stage name of French jazz trumpeter Pascal OhseSoel
14.3%
Remove Ads.
Support Sporcle.
Get the best of Sporcle when you Go Orange. This ad-free experience offers more features, more stats, and more fun while also helping to support Sporcle. Thank you for becoming a member.

You're not logged in!

Compare scores with friends on all Sporcle quizzes.
OR
Log In

Sporcle TV

Today on Sporcle TV


Watch our educational content, quiz creation guides, and fun videos on Sporcle TV.

Show Comments

Extras

Created May 13, 2020ReportNominate
Tags:Word Ladder Quiz, guinea, pig

Top Quizzes Today


Score Distribution

Paid Content

Your Account Isn't Verified!

In order to create a playlist on Sporcle, you need to verify the email address you used during registration. Go to your Sporcle Settings to finish the process.

Report this User

Report this user for behavior that violates our Community Guidelines.

Details: